[Event "I Open A"]
[Site "San Marino SMR"]
[Date "1998.06.??"]
[Round "2"]
[White "Ortega, Lexy"]
[Black "Cacco, Christian"]
[Result "1-0"]
[WhiteElo "2475"]
[BlackElo "2180"]
[PlyCount "101"]
[EventDate "1998.06.13"]

1. d4 c5 2. d5 e6 3. dxe6 fxe6 4. e4 Nc6 5. Nc3 Nf6 6. Bf4 d5 7. Nb5 Kf7 8. e5
Nd7 9. Nf3 Be7 10. h4 Rf8 11. Ng5+ Bxg5 12. Qh5+ Kg8 13. hxg5 h6 14. gxh6 Rf5
15. Qg6 Qe7 16. hxg7 Qxg7 17. Qxe6+ Qf7 18. Qxf7+ Rxf7 19. Bg3 Ndxe5 20. O-O-O
d4 21. f4 Rg7 22. Bh4 Nf7 23. Nc7 Rb8 24. Ne8 Rg6 25. Bc4 Bf5 26. Nf6+ Kg7 27.
Nh5+ Kf8 28. Ng3 Nd6 29. Nxf5 Nxc4 30. Bg5 Nb6 31. Rh8+ Rg8 32. Rh7 Nd5 33.
Bh6+ Ke8 34. Re1+ Ne3 35. Nxe3 dxe3 36. Bg5 Rg6 37. Rxe3+ Kf8 38. g4 Kg8 39.
Reh3 Rg7 40. Rh8+ Kf7 41. Rxb8 Nxb8 42. Rh8 Nc6 43. c3 Ke6 44. Kd2 b5 45. Ke3
a5 46. Ke4 a4 47. Rh6+ Kd7 48. Kd5 a3 49. bxa3 Na5 50. Kxc5 Nc4 51. Ra6 1-0

[Event "I Open A"]
[Site "San Marino SMR"]
[Date "1998.06.??"]
[Round "2"]
[White "Prelati, Maurizio"]
[Black "Bartolozzi, Roberto"]
[Result "0-1"]
[WhiteElo "2110"]
[BlackElo "1905"]
[PlyCount "64"]
[EventDate "1998.06.13"]

1. e4 e6 2. d4 d5 3. e5 c5 4. Qg4 Nc6 5. Nf3 cxd4 6. Bd3 Nge7 7. O-O Ng6 8. Re1
Qc7 9. Qg3 f6 10. Bxg6+ hxg6 11. Qxg6+ Qf7 12. Qxf7+ Kxf7 13. Nbd2 Bc5 14. h3
Bd7 15. Nb3 Bb6 16. Bf4 Rac8 17. Rad1 Nb4 18. Nbxd4 Nxc2 19. Re2 Nxd4 20. Nxd4
Rc4 21. Red2 Rh5 22. exf6 gxf6 23. Bg3 Rh8 24. Nf3 Rhc8 25. Bd6 Rc1 26. Rxc1
Rxc1+ 27. Kh2 Bc6 28. Ba3 Bc7+ 29. g3 d4 30. b3 Ra1 31. Bb2 Rb1 32. Ng1 Ba5 0-1

[Event "I Open A"]
[Site "San Marino SMR"]
[Date "1998.06.??"]
[Round "2"]
[White "Ravagnani, Tiziano"]
[Black "Costantini, Roberto"]
[Result "0-1"]
[WhiteElo "2015"]
[BlackElo "2140"]
[PlyCount "74"]
[EventDate "1998.06.13"]

1. e4 c5 2. Nf3 d6 3. d4 cxd4 4. Nxd4 Nf6 5. Nc3 a6 6. Bg5 e6 7. f4 Be7 8. Qf3
Qa5 9. O-O-O Bd7 10. Bxf6 Bxf6 11. Qd3 Be7 12. Be2 Nc6 13. Nxc6 Bxc6 14. f5 Qc5
15. fxe6 fxe6 16. Rhf1 O-O-O 17. Kb1 Bf6 18. Qc4 Kb8 19. Qb3 Ka7 20. a4 Rhe8
21. Bf3 Qa5 22. e5 Qxe5 23. Rfe1 Qa5 24. Bxc6 bxc6 25. Ne4 Be5 26. Qe3+ Ka8 27.
Rf1 Qb4 28. c3 Qxa4 29. Rd2 Rf8 30. Rdf2 Rf5 31. Rxf5 exf5 32. Rxf5 Re8 33. Rf7
Qd1+ 34. Qc1 Qd5 35. Nxd6 Bxd6 36. Rxg7 Bf8 37. Rxh7 Qd3+ 0-1

[Event "I Open A"]
[Site "San Marino SMR"]
[Date "1998.06.??"]
[Round "2"]
[White "Schaefer, Michael"]
[Black "Slobodjan, Roman"]
[Result "1/2-1/2"]
[WhiteElo "2210"]
[BlackElo "2530"]
[PlyCount "47"]
[EventDate "1998.06.13"]

1. d4 d5 2. c4 dxc4 3. Nf3 Nf6 4. e3 e6 5. Bxc4 a6 6. O-O c5 7. Qe2 Nc6 8. Rd1
Qc7 9. a3 b5 10. Ba2 Bb7 11. dxc5 Bxc5 12. b4 Bd6 13. Bb2 Ne5 14. Nbd2 Nxf3+
15. Nxf3 Rd8 16. h3 O-O 17. Rac1 Qe7 18. Ne5 Rc8 19. Bd4 Rfd8 20. Qb2 Ne8 21.
Qe2 Nf6 22. Qb2 Ne8 23. Qe2 Nf6 24. Qb2 1/2-1/2

[Event "I Open A"]
[Site "San Marino SMR"]
[Date "1998.06.??"]
[Round "2"]
[White "Tocco, Paolo"]
[Black "Lapiccirella, Mattia"]
[Result "1/2-1/2"]
[WhiteElo "2150"]
[BlackElo "2095"]
[PlyCount "62"]
[EventDate "1998.06.13"]

1. e4 c5 2. Nc3 Nc6 3. g3 Nf6 4. Bg2 e6 5. f4 d5 6. e5 Nd7 7. Nf3 Be7 8. O-O
Rb8 9. d3 b5 10. f5 Ndxe5 11. Nxe5 Nxe5 12. Bf4 Bd6 13. fxe6 Bxe6 14. Nxd5 O-O
15. Ne3 Ng6 16. Bxd6 Qxd6 17. Qd2 Rbd8 18. a4 a6 19. axb5 axb5 20. Rad1 Ne5 21.
Qe2 Nc6 22. c3 Rfe8 23. Qh5 Ne7 24. Kh1 Bb3 25. Rd2 Ng6 26. Nf5 Qe5 27. d4 cxd4
28. cxd4 Qe6 29. Qf3 Bd5 30. Qf2 Ne7 31. Nxe7+ Rxe7 1/2-1/2

[Event "I Open A"]
[Site "San Marino SMR"]
[Date "1998.06.??"]
[Round "2"]
[White "Wojtkiewicz, Aleksander"]
[Black "Vettel, Matthias"]
[Result "1-0"]
[WhiteElo "2535"]
[BlackElo "2205"]
[PlyCount "71"]
[EventDate "1998.06.13"]

1. Nf3 c5 2. c4 Nc6 3. d4 cxd4 4. Nxd4 Nf6 5. Nc3 e6 6. Ndb5 d5 7. Bf4 e5 8.
cxd5 exf4 9. dxc6 bxc6 10. Qxd8+ Kxd8 11. O-O-O+ Bd7 12. Nd6 Kc7 13. Nxf7 Rg8
14. Ne5 Be6 15. Nd3 g5 16. g3 Nd5 17. Na4 Nb4 18. Nxb4 Bxb4 19. a3 Be7 20. Bg2
Rab8 21. Rd2 Rb5 22. Rc2 c5 23. Nc3 Rbb8 24. Bd5 Rg6 25. Bxe6 Rxe6 26. f3 Rd8
27. Ne4 g4 28. Nxc5 Bxc5 29. Rxc5+ Kb6 30. Rc2 Re3 31. Rf1 Rd6 32. gxf4 gxf3
33. Rxf3 Rxf3 34. exf3 Rf6 35. Kd2 Rxf4 36. Ke3 1-0

[Event "I Open A"]
[Site "San Marino SMR"]
[Date "1998.06.??"]
[Round "3"]
[White "Bartolozzi, Roberto"]
[Black "Tocco, Paolo"]
[Result "0-1"]
[WhiteElo "1905"]
[BlackElo "2150"]
[PlyCount "94"]
[EventDate "1998.06.13"]

1. Nf3 f5 2. d4 Nf6 3. g3 g6 4. Bg2 Bg7 5. c4 O-O 6. O-O d6 7. Nc3 Nc6 8. b3 e5
9. e3 e4 10. Ne1 Re8 11. Bb2 a6 12. a3 Rb8 13. Rc1 Ne7 14. b4 Rf8 15. Ne2 Qe8
16. Nc2 g5 17. f4 exf3 18. Bxf3 Ng6 19. d5 Bd7 20. Kh1 Ne5 21. Bxe5 Qxe5 22.
Ned4 Rbe8 23. Qd3 Ne4 24. Bg2 Rf6 25. Nf3 Qe7 26. Kg1 Qf7 27. Ncd4 Qh5 28. Ne2
Ref8 29. c5 dxc5 30. bxc5 Re8 31. Ned4 f4 32. exf4 gxf4 33. Rce1 Nxc5 34. Qc4
Rxe1 35. Rxe1 b6 36. d6+ Qf7 37. Qxf7+ Rxf7 38. dxc7 fxg3 39. Re8+ Rf8 40.
Rxf8+ Kxf8 41. hxg3 Ke7 42. Nc6+ Kd6 43. Nfd4 Kxc7 44. Kf2 b5 45. Ke2 Nb3 46.
Kd3 Nxd4 47. Nxd4 Be5 0-1

[Event "I Open A"]
[Site "San Marino SMR"]
[Date "1998.06.??"]
[Round "3"]
[White "Cacco, Christian"]
[Black "Lagrotteria, Salvatore"]
[Result "1/2-1/2"]
[WhiteElo "2180"]
[BlackElo "2180"]
[PlyCount "104"]
[EventDate "1998.06.13"]

1. d4 d5 2. Nf3 Nf6 3. c4 c6 4. cxd5 cxd5 5. Nc3 Nc6 6. g3 e6 7. Bg2 Be7 8. O-O
O-O 9. Bg5 h6 10. Bxf6 Bxf6 11. Rb1 Qa5 12. Qd2 b5 13. b4 Qb6 14. e3 Bd7 15. a4
a6 16. Rfc1 Rfc8 17. Bf1 Ne7 18. a5 Qb7 19. Ne2 Nf5 20. Nf4 Nd6 21. Nd3 Rxc1
22. Qxc1 Nc4 23. Nc5 Qc6 24. Bg2 Ra7 25. Nd2 Qd6 26. Rb3 Bc6 27. Rd3 Be7 28. f4
f5 29. Ndb3 Be8 30. Bf3 Bf6 31. Qf1 g5 32. Kf2 g4 33. Be2 h5 34. h4 gxh3 35.
Qxh3 Rh7 36. Rd1 Bg6 37. Rg1 Kh8 38. Nc1 h4 39. g4 Bxd4 40. exd4 Qxf4+ 41. Kg2
fxg4 42. Bxg4 Ne3+ 43. Kh1 Bf5 44. N1d3 Qxd4 45. Bxf5 Nxf5 46. Qf3 Qf6 47. Qf4
Rg7 48. Qe5 Ng3+ 49. Kh2 Nf1+ 50. Rxf1 Qxf1 51. Qh5+ Kg8 52. Qe8+ Kh7 1/2-1/2

[Event "I Open A"]
[Site "San Marino SMR"]
[Date "1998.06.??"]
[Round "3"]
[White "Casadei, Mauro"]
[Black "Hacker, Christian"]
[Result "1-0"]
[WhiteElo "2130"]
[BlackElo "2190"]
[PlyCount "73"]
[EventDate "1998.06.13"]

1. d4 Nf6 2. c4 e6 3. Nf3 b6 4. g3 Ba6 5. b3 Bb7 6. Bg2 Bb4+ 7. Bd2 a5 8. O-O
O-O 9. Bf4 a4 10. a3 axb3 11. Qxb3 Be7 12. Nc3 Ne4 13. Nb5 d6 14. Qd3 Qc8 15.
Ne1 f5 16. f3 Ng5 17. Nc2 Nf7 18. Bd2 Nd7 19. e4 Nf6 20. Rae1 Qd7 21. exf5 exf5
22. d5 Ne5 23. Qb3 Ba6 24. a4 Nh5 25. Ncd4 g6 26. Ne6 Rfc8 27. g4 fxg4 28. fxg4
Ng7 29. Nxg7 Kxg7 30. Qg3 Bxb5 31. axb5 Kg8 32. Bc3 Nxc4 33. Qf4 Ne5 34. Rxe5
dxe5 35. Qxe5 Bc5+ 36. Kh1 Bd4 37. Bxd4 1-0

[Event "I Open A"]
[Site "San Marino SMR"]
[Date "1998.06.??"]
[Round "3"]
[White "Diena, Giovanni"]
[Black "Dubois, Martine"]
[Result "0-1"]
[WhiteElo "1906"]
[BlackElo "2060"]
[PlyCount "76"]
[EventDate "1998.06.13"]

1. c4 e5 2. Nc3 Nc6 3. Nf3 f5 4. d3 g6 5. Bg5 Nf6 6. g3 Bg7 7. Bg2 h6 8. Bd2
O-O 9. Nh4 Ne7 10. Qb3 Kh7 11. Nf3 d6 12. h4 a5 13. c5 Bd7 14. cxd6 cxd6 15.
Nb5 Bc6 16. a4 e4 17. dxe4 fxe4 18. Ng5+ hxg5 19. hxg5+ Nh5 20. Bf4 Rxf4 21.
gxf4 e3 22. Bf3 Bxf3 23. exf3 exf2+ 24. Kf1 Nf5 25. Rxh5+ gxh5 26. Qf7 Ng3+ 27.
Kxf2 h4 28. Rc1 Qb6+ 29. Kg2 Rf8 30. g6+ Kh8 31. Qe7 Nf5 32. Qg5 h3+ 33. Kxh3
Qe3 34. Qh5+ Nh6 35. Rd1 Rxf4 36. Kg3 Rg4+ 37. Qxg4 Nxg4 38. Kxg4 Be5 0-1

[Event "I Open A"]
[Site "San Marino SMR"]
[Date "1998.06.??"]
[Round "3"]
[White "Elstner, Herbert"]
[Black "Schmitz, Andreas Arnold"]
[Result "0-1"]
[WhiteElo "2155"]
[BlackElo "2115"]
[PlyCount "120"]
[EventDate "1998.06.13"]

1. e4 e6 2. d3 d5 3. Nd2 Nf6 4. Ngf3 b6 5. e5 Nfd7 6. d4 c5 7. c3 Ba6 8. Bxa6
Nxa6 9. Qe2 Nc7 10. O-O Be7 11. Rd1 cxd4 12. cxd4 O-O 13. Nf1 f6 14. Bf4 fxe5
15. Bxe5 Nxe5 16. Nxe5 Bd6 17. Rac1 Qe8 18. Rc3 Qb5 19. Qc2 Bxe5 20. dxe5 Na6
21. Rh3 g6 22. Ne3 Nc5 23. Ng4 Nd7 24. Qc7 Qa4 25. Nh6+ Kh8 26. Rf1 Rac8 27.
Qd6 Qc6 28. Qe7 Nxe5 29. Rc3 Qd7 30. Qg5 Nc6 31. Rfc1 Qe7 32. Qg3 Qg7 33. Rxc6
Rxc6 34. Rxc6 Qxh6 35. Rc7 Qf4 36. Qxf4 Rxf4 37. Rxa7 Rd4 38. Kf1 Rd2 39. b3 d4
40. Ra6 d3 41. Ke1 Re2+ 42. Kd1 Rxf2 43. a4 e5 44. Rxb6 Rxg2 45. Rb4 Ra2 46.
Re4 Ra3 47. Rxe5 Rxb3 48. Kd2 Kg7 49. h3 Ra3 50. Ra5 Ra2+ 51. Kxd3 Ra3+ 52. Kc4
Rxh3 53. Rd5 h5 54. a5 Ra3 55. Kb4 Ra1 56. Rd4 g5 57. Rd7+ Kf6 58. Rd6+ Ke5 59.
Rg6 Kf5 60. Rg8 g4 0-1

[Event "I Open A"]
[Site "San Marino SMR"]
[Date "1998.06.??"]
[Round "3"]
[White "Gabriel, Christian"]
[Black "Lanzani, Mario"]
[Result "1/2-1/2"]
[WhiteElo "2555"]
[BlackElo "2375"]
[PlyCount "83"]
[EventDate "1998.06.13"]

1. d4 Nf6 2. c4 g6 3. Nc3 Bg7 4. e4 d6 5. Nf3 O-O 6. Be2 e5 7. d5 Na6 8. Nd2
Bd7 9. a3 c5 10. h4 h5 11. Nf1 Nc7 12. f3 Rb8 13. b4 a6 14. Be3 b6 15. g4 Qc8
16. Rg1 Re8 17. Rc1 Kf8 18. Bg5 Rb7 19. Ne3 Nh7 20. gxh5 Nxg5 21. hxg5 gxh5 22.
Rh1 Ke7 23. Bf1 h4 24. Rc2 Rh8 25. Rch2 h3 26. Qd3 Rh5 27. Rg1 Qh8 28. Ne2 Kd8
29. Nf5 Bxf5 30. exf5 f6 31. f4 Qe8 32. gxf6 Bxf6 33. Rg6 Qe7 34. Qf3 Rh4 35.
Rxh3 exf4 36. Rxh4 Bxh4+ 37. Kd1 Ne8 38. Re6 Qg7 39. f6 Bxf6 40. Nxf4 Qg1 41.
Ne2 Qg6 42. Qe4 1/2-1/2

[Event "I Open A"]
[Site "San Marino SMR"]
[Date "1998.06.??"]
[Round "3"]
[White "Gaggiottini, Manfredo"]
[Black "Ravagnani, Tiziano"]
[Result "0-1"]
[WhiteElo "2105"]
[BlackElo "2015"]
[PlyCount "119"]
[EventDate "1998.06.13"]

1. e4 c5 2. Nf3 Nc6 3. d4 cxd4 4. Nxd4 Nf6 5. Nc3 e5 6. Ndb5 d6 7. Bg5 a6 8.
Na3 b5 9. Nd5 Be7 10. Bxf6 Bxf6 11. c3 Bg5 12. Nc2 O-O 13. h4 Bf4 14. g3 Bh6
15. g4 Bf4 16. Qf3 Be6 17. Rd1 Rb8 18. g5 Bxd5 19. exd5 Ne7 20. Bh3 f5 21. Nb4
Rc8 22. Nxa6 Rc4 23. Nb4 Re4+ 24. Kf1 Qb6 25. Kg1 Ng6 26. Bf1 Bxg5 27. hxg5
Rg4+ 28. Bg2 Nh4 29. Rxh4 Rxh4 30. Bh3 g6 31. Nc6 Kg7 32. Qg3 Re4 33. Kf1 Qc5
34. f3 Qc4+ 35. Kg1 Qe2 36. Rf1 Qe3+ 37. Kh1 Rf4 38. Bg2 h6 39. gxh6+ Kxh6 40.
Ne7 g5 41. Qf2 Rh4+ 42. Kg1 Qf4 43. Qa7 g4 44. Qd7 Kg5 45. Qxd6 Qe3+ 46. Rf2
Rh6 47. Nxf5 Rxf5 48. Qb4 g3 49. Qg4+ Kf6 50. Qxg3 Rg5 51. Qxg5+ Kxg5 52. f4+
exf4 53. Kf1 Qd3+ 54. Kg1 Rh8 55. a3 Re8 56. Bf3 Kf6 57. Bg2 Re1+ 58. Bf1 Qg3+
59. Rg2 Qe3+ 60. Rf2 0-1

[Event "I Open A"]
[Site "San Marino SMR"]
[Date "1998.06.??"]
[Round "3"]
[White "Giorgadze, Giorgi"]
[Black "Arlandi, Ennio"]
[Result "1-0"]
[WhiteElo "2605"]
[BlackElo "2425"]
[PlyCount "85"]
[EventDate "1998.06.13"]

1. d4 Nf6 2. c4 e6 3. Nc3 Bb4 4. e3 O-O 5. Bd3 d5 6. Nf3 c5 7. O-O Nc6 8. a3
Bxc3 9. bxc3 Qc7 10. cxd5 exd5 11. a4 Re8 12. Ba3 c4 13. Bc2 Ne4 14. Bxe4 Rxe4
15. Nd2 Re8 16. e4 Be6 17. Re1 Ne7 18. Bxe7 Rxe7 19. Nf1 dxe4 20. Rxe4 Bf5 21.
Rxe7 Qxe7 22. Ne3 Bd3 23. a5 Rc8 24. Qf3 h6 25. h3 Qd7 26. Ng4 f6 27. Re1 Rc6
28. Qf4 Kh7 29. Qb8 Re6 30. Rxe6 Qxe6 31. Ne3 Be4 32. Qxa7 f5 33. Qb8 Qf7 34.
Qe5 Bd3 35. f3 Qh5 36. d5 Qh4 37. Nd1 Qg5 38. d6 Qd2 39. d7 Qxd1+ 40. Kh2 Bf1
41. Qxf5+ Kg8 42. Qe6+ Kh7 43. Qe4+ 1-0

[Event "I Open A"]
[Site "San Marino SMR"]
[Date "1998.06.??"]
[Round "3"]
[White "Isonzo, David"]
[Black "Schaefer, Michael"]
[Result "1-0"]
[WhiteElo "2235"]
[BlackElo "2210"]
[PlyCount "83"]
[EventDate "1998.06.13"]

1. e4 c5 2. Nf3 e6 3. d4 cxd4 4. Nxd4 Nf6 5. Nc3 d6 6. Bc4 Be7 7. O-O O-O 8.
Bb3 Na6 9. f4 Nc5 10. Qf3 a6 11. Be3 Qc7 12. g4 b5 13. g5 Nfxe4 14. Nxe4 Bb7
15. Nxc5 dxc5 16. Nxe6 Qc8 17. Bd5 Bxd5 18. Qxd5 Qxe6 19. Qxe6 fxe6 20. Rad1
Rad8 21. Rxd8 Rxd8 22. Kf2 Kf7 23. Kf3 Rd5 24. Ke4 c4 25. b3 Kg6 26. h4 h5 27.
Rb1 cxb3 28. axb3 b4 29. Ra1 a5 30. Bd4 Bc5 31. Be5 Bf8 32. f5+ Kf7 33. Rf1 Rd2
34. fxe6+ Ke8 35. Ra1 Re2+ 36. Kd5 Rd2+ 37. Ke4 Re2+ 38. Kd5 Rd2+ 39. Bd4 g6
40. Rxa5 Bg7 41. Ra8+ Ke7 42. Ra7+ 1-0

[Event "I Open A"]
[Site "San Marino SMR"]
[Date "1998.06.??"]
[Round "3"]
[White "Krumm, Johannes"]
[Black "Mordiglia, Riccardo"]
[Result "1/2-1/2"]
[WhiteElo "2115"]
[BlackElo "2115"]
[PlyCount "100"]
[EventDate "1998.06.13"]

1. e4 d5 2. exd5 Nf6 3. Bb5+ Bd7 4. Bc4 Bg4 5. f3 Bc8 6. Nc3 Nbd7 7. d3 Nb6 8.
Bf4 Nbxd5 9. Nxd5 Nxd5 10. Bg3 Ne3 11. Qe2 Nxc4 12. dxc4 c6 13. Rd1 Qa5+ 14.
Qd2 Qxd2+ 15. Rxd2 g6 16. Ne2 Bg7 17. b3 Bf5 18. O-O e5 19. Nc3 O-O 20. Re1
Rfe8 21. Bh4 Bf8 22. g4 Bb4 23. Re3 Bc5 24. Kf2 Bxe3+ 25. Kxe3 g5 26. Bxg5 Bg6
27. h4 Kg7 28. h5 h6 29. Bh4 Bh7 30. c5 b5 31. a3 a5 32. Ne4 Bxe4 33. Kxe4 a4
34. b4 Re6 35. Bd8 Ra7 36. Rd6 Rxd6 37. cxd6 Rd7 38. Be7 f6 39. f4 exf4 40.
Kxf4 Kf7 41. Ke4 c5 42. c3 cxb4 43. cxb4 Ke6 44. Kd4 Rxd6+ 45. Bxd6 Kxd6 46.
Ke4 Ke6 47. Kd4 Kd6 48. Ke4 Ke6 49. Kf4 Ke7 50. Kf5 Kf7 1/2-1/2

[Event "I Open A"]
[Site "San Marino SMR"]
[Date "1998.06.??"]
[Round "3"]
[White "Maccapani, Massimiliano"]
[Black "Genocchio, Daniele"]
[Result "0-1"]
[WhiteElo "1982"]
[BlackElo "2155"]
[PlyCount "58"]
[EventDate "1998.06.13"]

1. e4 c5 2. c3 e5 3. Nf3 Nc6 4. Bc4 Qc7 5. d3 Nf6 6. O-O Be7 7. Re1 O-O 8. a4
d6 9. h3 Be6 10. Na3 Rad8 11. Qe2 Rfe8 12. Ng5 d5 13. Nxe6 fxe6 14. Bb3 g6 15.
Bc2 Rf8 16. g4 Ne8 17. Kg2 Rd7 18. Rf1 a6 19. Bb1 Bd8 20. Nc2 Rdf7 21. Ba2 Qd7
22. Be3 b6 23. exd5 exd5 24. d4 exd4 25. cxd4 c4 26. b3 b5 27. axb5 axb5 28.
bxc4 bxc4 29. Bb1 29... Nc7 $138 0-1

[Event "I Open A"]
[Site "San Marino SMR"]
[Date "1998.06.??"]
[Round "3"]
[White "Magalotti, Andrea"]
[Black "Sulava, Nenad"]
[Result "1/2-1/2"]
[WhiteElo "2145"]
[BlackElo "2450"]
[PlyCount "116"]
[EventDate "1998.06.13"]

1. e4 e6 2. d4 d5 3. Nd2 Nf6 4. e5 Ne4 5. Nxe4 dxe4 6. Be3 c5 7. dxc5 Nd7 8. f4
exf3 9. Nxf3 Bxc5 10. Bxc5 Nxc5 11. Qxd8+ Kxd8 12. O-O-O+ Ke7 13. Be2 b6 14.
Nd4 Bb7 15. Bf3 Rhc8 16. Rd2 a6 17. Rhd1 Ra7 18. Bxb7 Rxb7 19. Nf3 h6 20. Rd4
Nd7 21. b3 Rc5 22. Re4 Rbc7 23. Rd2 b5 24. Kb2 Nb6 25. Ne1 a5 26. a3 a4 27. g3
axb3 28. cxb3 Nd7 29. Rde2 Rd5 30. R4e3 g5 31. Nd3 Rc8 32. Rc2 Ra8 33. Nb4 Rd1
34. Rd3 Rxd3 35. Nxd3 Kd8 36. Rc6 Ra7 37. Rd6 Kc7 38. Rd4 Nb6 39. h4 Ra8 40.
Nb4 gxh4 41. gxh4 Rg8 42. Rf4 Rg7 43. Kc3 Nd7 44. Kd4 Kb6 45. Nd3 Nb8 46. Nb4
h5 47. Ke4 Nd7 48. Nd3 Nf8 49. Rf6 Ng6 50. Nf4 Nxh4 51. Nxh5 Rg1 52. Rxf7 Re1+
53. Kd3 Rxe5 54. Nf4 Kc5 55. Rf6 Kd6 56. Rxe6+ Rxe6 57. Nxe6 Kxe6 58. a4 bxa4
1/2-1/2

[Event "I Open A"]
[Site "San Marino SMR"]
[Date "1998.06.??"]
[Round "3"]
[White "Schmitz, Manuela"]
[Black "Prelati, Maurizio"]
[Result "1/2-1/2"]
[WhiteElo "2010"]
[BlackElo "2110"]
[PlyCount "58"]
[EventDate "1998.06.13"]

1. d4 Nf6 2. c4 g6 3. Nc3 Bg7 4. e4 d6 5. Nf3 O-O 6. Be2 e5 7. Be3 Nc6 8. d5
Ne7 9. Nd2 c5 10. g4 Ne8 11. g5 f5 12. gxf6 Nxf6 13. h4 h6 14. Nf1 b5 15. cxb5
a6 16. h5 axb5 17. Ng3 b4 18. Nb1 g5 19. Nd2 Qd7 20. Nc4 Ra7 21. Nb6 Qc7 22.
Nc4 Ba6 23. Nd2 Rfa8 24. Nc4 Bxc4 25. Bxc4 Nc8 26. Bb3 Nb6 27. Rc1 Qd7 28. Qe2
Qg4 29. Qxg4 Nxg4 1/2-1/2

[Event "I Open A"]
[Site "San Marino SMR"]
[Date "1998.06.??"]
[Round "3"]
[White "Slobodjan, Roman"]
[Black "Mantovani, Renzo"]
[Result "1-0"]
[WhiteElo "2530"]
[BlackElo "2365"]
[PlyCount "107"]
[EventDate "1998.06.13"]

1. e4 c5 2. Nf3 d6 3. d4 cxd4 4. Nxd4 Nf6 5. Nc3 Nc6 6. Bc4 e6 7. Bb3 a6 8. O-O
Qc7 9. Be3 Na5 10. f4 b5 11. Qd3 Nxb3 12. Nxb3 Bb7 13. a3 Be7 14. Kh1 O-O 15.
Rae1 Rac8 16. Nd4 Qc4 17. Bg1 b4 18. Qxc4 Rxc4 19. axb4 Rxb4 20. b3 Ba8 21. e5
dxe5 22. fxe5 Nd7 23. Na4 Rc8 24. Re2 Nc5 25. Nxc5 Bxc5 26. Rd1 h5 27. h3 g5
28. Rd3 Rd8 29. Red2 Kh7 30. c3 Rbb8 31. b4 Be7 32. Nb3 Bc6 33. Bc5 Rxd3 34.
Rxd3 Rd8 35. Rd4 Rxd4 36. Nxd4 Bxc5 37. Nxc6 Bb6 38. g4 hxg4 39. hxg4 Kg7 40.
Kg2 Kf8 41. Kf3 Ke8 42. Ke4 Bc7 43. Kd4 Bb6+ 44. Kc4 Bc7 45. Kc5 Kd7 46. c4 Kc8
47. b5 axb5 48. Kxb5 Kd7 49. c5 Ke8 50. Ka6 f5 51. exf6 Kf7 52. Kb7 Bf4 53. Nb4
e5 54. c6 1-0

[Event "I Open A"]
[Site "San Marino SMR"]
[Date "1998.06.??"]
[Round "3"]
[White "Vettel, Matthias"]
[Black "Costantini, Roberto"]
[Result "1/2-1/2"]
[WhiteElo "2205"]
[BlackElo "2140"]
[PlyCount "32"]
[EventDate "1998.06.13"]

1. e4 c5 2. Nf3 d6 3. d4 cxd4 4. Nxd4 Nf6 5. Nc3 a6 6. Be3 e5 7. Nb3 Be6 8. Qd2
Nbd7 9. O-O-O b5 10. f3 b4 11. Nd5 Bxd5 12. exd5 a5 13. Bb5 a4 14. Na1 Qa5 15.
Bc6 Rb8 16. g4 Be7 1/2-1/2

[Event "I Open A"]
[Site "San Marino SMR"]
[Date "1998.06.??"]
[Round "4"]
[White "Arlandi, Ennio"]
[Black "Ortega, Lexy"]
[Result "0-1"]
[WhiteElo "2425"]
[BlackElo "2475"]
[PlyCount "58"]
[EventDate "1998.06.13"]

1. d4 d5 2. c4 c6 3. Nc3 dxc4 4. e3 b5 5. a4 b4 6. Na2 e6 7. Bxc4 Nf6 8. Nf3
Bb7 9. Bd2 a5 10. Nc1 Nbd7 11. Nb3 Be7 12. Qe2 Ne4 13. O-O c5 14. dxc5 O-O 15.
Rfd1 Qc7 16. Be1 Ndxc5 17. Nxc5 Bxc5 18. Bb5 Rfd8 19. Rxd8+ Rxd8 20. Rd1 Bb6
21. Rxd8+ Qxd8 22. Qc2 Qd5 23. Bc4 Qc6 24. Ne5 Qc7 25. Nf3 Bd5 26. Bd3 Qxc2 27.
Bxc2 Nc5 28. Nd2 b3 29. Bb1 f5 0-1

[Event "I Open A"]
[Site "San Marino SMR"]
[Date "1998.06.??"]
[Round "4"]
[White "Casadei, Mauro"]
[Black "Lanzani, Mario"]
[Result "0-1"]
[WhiteElo "2130"]
[BlackElo "2375"]
[PlyCount "66"]
[EventDate "1998.06.13"]

1. d4 Nf6 2. c4 g6 3. Nc3 Bg7 4. e4 d6 5. f4 c5 6. d5 O-O 7. Nf3 b5 8. cxb5 a6
9. a4 axb5 10. Bxb5 e6 11. O-O exd5 12. exd5 Na6 13. Bd2 Nb4 14. Be1 Bf5 15.
Rc1 Qe7 16. Bh4 Nd3 17. Rc2 Qe3+ 18. Kh1 Nxb2 19. Rxb2 Qxc3 20. Re2 c4 21. Be1
Qd3 22. Bb4 Qxd1 23. Rxd1 Bd3 24. Ree1 Nxd5 25. Bxd6 Rfd8 26. Be5 Nc3 27. Rc1
Ne2 28. Rxc4 Bxc4 29. Bxc4 Bxe5 30. Nxe5 Nxf4 31. Nxf7 Rd4 32. Ne5+ Kg7 33. g3
Re8 0-1

[Event "I Open A"]
[Site "San Marino SMR"]
[Date "1998.06.??"]
[Round "4"]
[White "Costantini, Roberto"]
[Black "Cacco, Christian"]
[Result "1/2-1/2"]
[WhiteElo "2140"]
[BlackElo "2180"]
[PlyCount "162"]
[EventDate "1998.06.13"]

1. e4 e5 2. Nf3 Nc6 3. Bb5 a6 4. Bxc6 dxc6 5. O-O Qd6 6. d3 g6 7. Nbd2 Be6 8.
b3 Bg7 9. Bb2 Ne7 10. Nc4 Bxc4 11. dxc4 Qe6 12. Ng5 Qd6 13. Qe2 c5 14. Rad1 Qb6
15. Qg4 O-O 16. Nxh7 Kxh7 17. Qh4+ Kg8 18. Qxe7 Bf6 19. Qd7 Rad8 20. Qh3 Qc6
21. Rd5 Rxd5 22. cxd5 Qb6 23. c4 Kg7 24. Qg3 Qd6 25. Qc3 Re8 26. Re1 b6 27. Re3
Bg5 28. Re1 f6 29. g3 Kf7 30. Qf3 Qd7 31. Kg2 Bh6 32. h4 Kg7 33. h5 g5 34. Qf5
Qxf5 35. exf5 Kf7 36. g4 Bf8 37. a3 a5 38. Ra1 Ra8 39. Bc3 Bd6 40. Kf3 Ke7 41.
Ke3 Kd7 42. Kd3 Bf8 43. Kc2 c6 44. dxc6+ Kxc6 45. Kb2 Rd8 46. Kc2 Ra8 47. f3
Ra7 48. Be1 Ra8 49. Bc3 Ra7 50. Rd1 Be7 51. Rb1 Ra8 52. b4 axb4 53. axb4 cxb4
54. Bxb4 Bxb4 55. Rxb4 Ra2+ 56. Rb2 Ra3 57. Rb3 Ra2+ 58. Kc3 Rg2 59. Kb4 e4 60.
fxe4 Rxg4 61. Rh3 Rxe4 62. h6 Re8 63. h7 Rh8 64. Rh6 Kc7 65. Kb5 g4 66. Rxf6
Rxh7 67. Rc6+ Kb7 68. Rxb6+ Kc7 69. Rg6 Rh5 70. Rxg4 Rxf5+ 71. c5 Rf6 72. Rg7+
Kc8 73. Rh7 Rg6 74. Ra7 Kb8 75. Rd7 Kc8 76. Rh7 Rf6 77. c6 Rf1 78. Rh4 Rb1+ 79.
Rb4 Rxb4+ 80. Kxb4 Kc7 81. Kc5 Kc8 1/2-1/2

[Event "I Open A"]
[Site "San Marino SMR"]
[Date "1998.06.??"]
[Round "4"]
[White "Dubois, Martine"]
[Black "Bartolozzi, Roberto"]
[Result "1-0"]
[WhiteElo "2060"]
[BlackElo "1905"]
[PlyCount "49"]
[EventDate "1998.06.13"]

1. e4 e6 2. d4 d5 3. Nc3 Bb4 4. e5 Ne7 5. Qg4 Nf5 6. Bg5 Qd7 7. Nf3 b6 8. Nh4
Nxh4 9. Bxh4 Bf8 10. O-O-O Nc6 11. f4 Bb7 12. Qf3 Ne7 13. g4 h5 14. Bxe7 hxg4
15. Qxg4 Qxe7 16. h4 g6 17. Be2 O-O-O 18. h5 Bh6 19. hxg6 fxg6 20. Kb1 Qf7 21.
Bd3 Rdg8 22. Ne2 Bc6 23. Rdg1 Be8 24. Ba6+ Kb8 25. Rxh6 1-0

[Event "I Open A"]
[Site "San Marino SMR"]
[Date "1998.06.??"]
[Round "4"]
[White "Gaggiottini, Manfredo"]
[Black "Diena, Giovanni"]
[Result "1-0"]
[WhiteElo "2105"]
[BlackElo "1906"]
[PlyCount "26"]
[EventDate "1998.06.13"]

1. e4 c5 2. Nf3 d6 3. d4 cxd4 4. Nxd4 Nf6 5. Nc3 a6 6. Bg5 Nbd7 7. Be2 h6 8.
Ne6 Qa5 9. b4 Qxb4 10. Nc7+ Kd8 11. Bd2 Nxe4 12. Nxe4 Qxe4 13. Nxa8 b5 1-0

[Event "I Open A"]
[Site "San Marino SMR"]
[Date "1998.06.??"]
[Round "4"]
[White "Genocchio, Daniele"]
[Black "Gabriel, Christian"]
[Result "0-1"]
[WhiteElo "2155"]
[BlackElo "2555"]
[PlyCount "52"]
[EventDate "1998.06.13"]

1. e4 g6 2. d4 Bg7 3. Nc3 d6 4. Be3 c6 5. f3 b5 6. Qd2 Bb7 7. Nh3 Nd7 8. Bd3 a6
9. a4 Ngf6 10. O-O O-O 11. Rfd1 Qc7 12. Bf1 Rfd8 13. Bh6 Bh8 14. Ng5 e5 15. d5
b4 16. dxc6 bxc3 17. Qxd6 Qxc6 18. Qe7 Rf8 19. Bxf8 Rxf8 20. b3 h6 21. Nh3 Re8
22. Qb4 Bg7 23. Rd6 Qc7 24. Bxa6 Bc6 25. Bb5 Bf8 26. Qxc3 Qxd6 0-1